Word Ladder: Skeet Feat Quiz Stats

Quiz Updated Aug 6, 2015

Challenge
Share
Tweet
Embed
Score 0/15 Timer 01:30
0 Plays Today
Hint 4-Letter Word % Correct
 To kill a dragon SLAY
97.3%
 Chemical element Au GOLD
95.5%
 DifficultHARD
95.5%
 Had in one's handsHELD
93.7%
 A collection of animalsHERD
93.6%
 One-armed bandit: ____ machine SLOT
92.8%
 Part 1 of a Skeet Feat 
 (or fired a gun) 
🎯 SHOT 🎯
92.6%
 Venetian blind section SLAT
92.3%
Hint 4-Letter Word % Correct
 Part 2 of a Skeet Feat  
 (or a material for making bricks) 
🎯 CLAY 🎯
91.2%
 Castrate an animal on a farmGELD
91.1%
 A traveling poetBARD
89.8%
 Happy (for or about) GLAD
85.9%
 Part 3 of a Skeet Feat 
 (or a feathered flier)  
🎯 BIRD 🎯
85.2%
 To prod GOAD
84.6%
 Garbed (in) CLAD
82.3%

Today's Daily Dose

You're not logged in!

Compare scores with friends on all Sporcle quizzes.
Sign Up with Email
OR
Log In

You Might Also Like...

Show Comments

Extras

Top Quizzes Today


Score Distribution

Your Account Isn't Verified!

In order to create a playlist on Sporcle, you need to verify the email address you used during registration. Go to your Sporcle Settings to finish the process.